[Event "EICC 2017"]
[Site "Minsk"]
[Date "2017.06.10"]
[Round "11"]
[White "Yilmaz, Mustafa"]
[Black "Tomashevsky, Evgeny"]
[Result "*"]
[WhiteElo "2630"]
[BlackElo "2696"]
[Annotator "TA"]
[PlyCount "36"]
[EventDate "2017.??.??"]
[EventCountry "BLR"]
[SourceTitle "playchess.com"]
[Source "ChessBase"]
[SourceQuality "1"]

1. d4 Nf6 2. c4 e6 3. Nf3 b6 4. g3 Bb7 5. Bg2 Bb4+ 6. Bd2 a5 7. O-O O-O 8. Bf4 Be7 9. Qc2 Be4 10. Qc1 Bb7 11. Qc2 Be4 12. Qc1 Bb7 13. Nc3 Ne4 14. Rd1 Nxc3 15. Qxc3 d6 16. Ne1 Bxg2 17. Nxg2 Nd7 18. e4 Bg5 *

[Event "EICC 2017"]
[Site "Minsk"]
[Date "2017.06.10"]
[Round "11"]
[White "Kovalev, Vladislav"]
[Black "Chigaev, Maksim"]
[Result "1/2-1/2"]
[WhiteElo "2629"]
[BlackElo "2559"]
[Annotator "TA"]
[PlyCount "52"]
[EventDate "2017.??.??"]
[EventCountry "BLR"]
[SourceTitle "playchess.com"]
[Source "ChessBase"]
[SourceQuality "1"]

1. e4 c5 2. Nf3 e6 3. d4 cxd4 4. Nxd4 Nc6 5. Nc3 Qc7 6. Be2 a6 7. O-O Nf6 8. Be3 Be7 9. f4 d6 10. Qe1 O-O 11. Kh1 Nxd4 12. Bxd4 b5 13. a3 Bb7 14. Qg3 Bc6 15. Rae1 Rac8 16. Bd3 e5 17. fxe5 Nh5 18. Qh3 dxe5 19. Nd5 Bxd5 20. Bxe5 Qxe5 21. exd5 Qg5 22. Rf5 Qh4 23. Qxh4 Bxh4 24. Rxh5 Bxe1 25. Bxh7+ Kh8 26. Bd3+ Kg8 1/2-1/2

[Event "EICC 2017"]
[Site "Minsk"]
[Date "2017.06.10"]
[Round "11"]
[White "Can, Emre"]
[Black "Sychev, Klementy"]
[Result "*"]
[WhiteElo "2589"]
[BlackElo "2459"]
[Annotator "TA"]
[PlyCount "31"]
[EventDate "2017.??.??"]
[EventCountry "BLR"]
[SourceTitle "playchess.com"]
[Source "ChessBase"]
[SourceQuality "1"]

1. Nf3 d5 2. d4 Nf6 3. c4 e6 4. g3 Be7 5. Bg2 O-O 6. O-O dxc4 7. Qa4 a6 8. Qxc4 b5 9. Qc2 Bb7 10. Bd2 Be4 11. Qc1 c6 12. Rd1 Nbd7 13. Nc3 Bg6 14. Ne5 Nxe5 15. dxe5 Nd5 16. e4 *

[Event "EICC 2017"]
[Site "Minsk"]
[Date "2017.06.10"]
[Round "11"]
[White "Donchenko, Alexander"]
[Black "Kanmazalp, Ogulcan"]
[Result "*"]
[WhiteElo "2563"]
[BlackElo "2447"]
[Annotator "TA"]
[PlyCount "28"]
[EventDate "2017.??.??"]
[EventCountry "BLR"]
[SourceTitle "playchess.com"]
[Source "ChessBase"]
[SourceQuality "1"]

1. d4 d5 2. Bf4 c5 3. e3 Nc6 4. c3 Nf6 5. Nd2 Bf5 6. Ngf3 e6 7. Qb3 Qc8 8. c4 cxd4 9. Nxd4 Nxd4 10. exd4 Be7 11. Rc1 O-O 12. Be2 dxc4 13. Nxc4 Qd7 14. O-O Be4 *

[Event "EICC 2017"]
[Site "Minsk"]
[Date "2017.06.10"]
[Round "11"]
[White "Ruck, Robert"]
[Black "Mindlin, Alon"]
[Result "0-1"]
[WhiteElo "2557"]
[BlackElo "2436"]
[Annotator "TA"]
[PlyCount "103"]
[EventDate "2017.??.??"]
[EventCountry "BLR"]
[SourceTitle "playchess.com"]
[Source "ChessBase"]
[SourceQuality "1"]

1. d4 Nf6 2. c4 e6 3. Nf3 d5 4. Nc3 Be7 5. Bf4 O-O 6. e3 b6 7. Bd3 c5 8. cxd5 Nxd5 9. Nxd5 exd5 10. dxc5 bxc5 11. O-O Nc6 12. Ne5 Nxe5 13. Bxe5 Be6 14. Qc2 h6 15. Rfd1 Bf6 16. Bxf6 Qxf6 17. Qxc5 Qxb2 18. Qa5 Rfc8 19. Rab1 Qc3 20. Qa4 a5 21. Rb3 Qc5 22. Qd4 Qxd4 23. exd4 a4 24. Rb4 g5 25. Kf1 Rc3 26. Ke2 Ra3 27. Bb1 Bg4+ 28. f3 Bc8 29. Kd2 Ba6 30. Kc1 Bc4 31. Rd2 Re3 32. Bc2 a3 33. Bd1 Rc3+ 34. Rc2 Rxc2+ 35. Bxc2 Bxa2 36. Bd3 Kg7 37. Kc2 h5 38. Rb7 Ra4 39. Re7 Rxd4 40. Ra7 Bb1+ 41. Kxb1 Rxd3 42. Kc2 Re3 43. Ra5 Re2+ 44. Kd3 Rxg2 45. Rxd5 a2 46. Ra5 Kg6 47. h3 Rh2 48. Ke4 h4 49. f4 f5+ 50. Ke5 Re2+ 51. Kd5 gxf4 52. Kd4 0-1

[Event "EICC 2017"]
[Site "Minsk"]
[Date "2017.06.10"]
[Round "11"]
[White "Ruck, Robert"]
[Black "Mindlin, Alon"]
[Result "*"]
[WhiteElo "2557"]
[BlackElo "2436"]
[Annotator "TA"]
[PlyCount "34"]
[EventDate "2017.??.??"]
[EventCountry "BLR"]
[SourceTitle "playchess.com"]
[Source "ChessBase"]
[SourceQuality "1"]

1. d4 Nf6 2. c4 e6 3. Nf3 d5 4. Nc3 Be7 5. Bf4 O-O 6. e3 b6 7. Bd3 c5 8. cxd5 Nxd5 9. Nxd5 exd5 10. dxc5 bxc5 11. O-O Nc6 12. Ne5 Nxe5 13. Bxe5 Be6 14. Qa4 Bf6 15. Bxf6 Qxf6 16. b3 Rfc8 17. Rac1 Qg5 *

[Event "EICC 2017"]
[Site "Minsk"]
[Date "2017.06.10"]
[Round "11"]
[White "Sturua, Zurab"]
[Black "Lupulescu, Constantin"]
[Result "*"]
[WhiteElo "2555"]
[BlackElo "2631"]
[Annotator "TA"]
[PlyCount "29"]
[EventDate "2017.??.??"]
[EventCountry "BLR"]
[SourceTitle "playchess.com"]
[Source "ChessBase"]
[SourceQuality "1"]

1. d4 Nf6 2. Nf3 d5 3. c4 e6 4. Nc3 a6 5. cxd5 exd5 6. Bg5 Be6 7. e3 Nbd7 8. Bd3 Bd6 9. Qc2 c6 10. O-O Qc7 11. Rfe1 h6 12. Bxf6 Nxf6 13. e4 dxe4 14. Nxe4 Nxe4 15. Bxe4 *

[Event "EICC 2017"]
[Site "Minsk"]
[Date "2017.06.10"]
[Round "11"]
[White "Karttunen, Mika"]
[Black "Korobov, Anton"]
[Result "*"]
[WhiteElo "2465"]
[BlackElo "2688"]
[Annotator "TA"]
[PlyCount "34"]
[EventDate "2017.??.??"]
[EventCountry "BLR"]
[SourceTitle "playchess.com"]
[Source "ChessBase"]
[SourceQuality "1"]

1. d4 d5 2. Nf3 Nf6 3. g3 g6 4. c4 c6 5. cxd5 cxd5 6. Bg2 Bg7 7. O-O O-O 8. Nc3 b6 9. Ne5 Bb7 10. Qa4 e6 11. Bf4 a6 12. Rfc1 Nfd7 13. Nf3 Nc6 14. e4 b5 15. Qd1 Ne7 16. e5 Nb6 17. Qd2 Nc4 *

[Event "EICC 2017"]
[Site "Minsk"]
[Date "2017.06.10"]
[Round "11"]
[White "Lavrov, Maxim"]
[Black "Bocharov, Dmitry"]
[Result "*"]
[WhiteElo "2369"]
[BlackElo "2574"]
[Annotator "TA"]
[PlyCount "31"]
[EventDate "2017.??.??"]
[EventCountry "BLR"]
[SourceTitle "playchess.com"]
[Source "ChessBase"]
[SourceQuality "1"]

1. e4 c6 2. d4 d5 3. e5 Bf5 4. Nf3 e6 5. Be2 Nd7 6. O-O h6 7. c4 dxc4 8. Bxc4 Ne7 9. Nc3 Nb6 10. Bb3 Ned5 11. Re1 Bb4 12. Bd2 O-O 13. a3 Be7 14. Ne4 Rc8 15. Rc1 Bxe4 16. Rxe4 *